000 00305 a2200133 4500
005 20250709074443.0
020 _a978-1-444-10504-9
082 _a519.5 GRA
100 _aGRAHAM, A
245 _aUnderstanding Statistics
260 _aLondon
_bHarper
_c2010
300 _a360p.;ill
_c20cm.
942 _2ddc
_cBKS
999 _c6628
_d6628